Tilastot visalle Suurimmat Atlantin valtameren valtiot

Klikkaa tästä pelataksesi tätä visaa!

Yleistilastot

  • Tätä visaa on pelattu 441 kertaa
  • Keskiarvotulos 12 / 15

Vastaustilastot

km2Reunameret/lahdetValtio% Oikein
9 526 468-
Yhdysvallat
99%
9 984 670-Kanada
98%
8 514 877-
Brasilia
95%
1 964 375Meksikonlahti
Meksiko
95%
17 098 242Itämeri, Mustameri
Venäjä
92%
2 780 400-
Argentiina
83%
2 381 741VälimeriAlgeria
80%
1 002 450Välimeri
Egypti
76%
1 759 540Välimeri
Libya
76%
1 141 748Karibianmeri
Kolumbia
66%
2 344 858-
Kongon dem. tasavalta
65%
1 246 700-
Angola
64%
1 221 037-
Etelä-Afrikka
64%
1 030 700-
Mauritania
60%
923 768Guineanlahti
Nigeria
58%

Tulosjakauma

Persentiili vastausten määrän mukaan

Jokaisen tuloksen saaneiden osuus

Tuloshistoriasi

Et ole pelannut tätä visaa